A Contrastive Analysis of Syntactic and Semantic Features of English and Vietnamese used in Conversational Situations by Hotel Receptionists in DaNang city, Vietnam / Semantic

Salvato in:
Dettagli Bibliografici
Autore principale: Bùi Thị Uyên Phương
Natura: Sconosciuto
Lingua:English
Pubblicazione: 2009.
Soggetti:
Tags: Aggiungi Tag
Nessun Tag, puoi essere il primo ad aggiungerne! !
Thư viện lưu trữ: Mạng thư viện Đại học Đà Nẵng
LEADER 01382na a2200313 4500
001 000030914
003 4925
005 20221126153822.0
008 151001s2009 000 eng
040 |a LNN 
041 |a ENG 
082 |a 420.4  |b BU-P  |2 Semantic 
100 |a Bùi Thị Uyên Phương 
245 2 |a A Contrastive Analysis of Syntactic and Semantic Features of English and Vietnamese used in Conversational Situations by Hotel Receptionists in DaNang city, Vietnam /  |c Bùi Thị Uyên Phương  |n Semantic 
260 |c 2009. 
300 |a 91tr. : mh ; 30cm. 
650 |a A Contrastive Analysis of Syntactic and Semantic Features of English and Vietnamese used in Conversational Situations by Hotel Receptionists in DaNang city, Vietnam,Semantic, LINGUISTIC, 2009, Bùi Thị Uyên Phương, 2009 
852 |c Luận văn Thạc sĩ 
OWN |a LNN 
AVA |a UDN50  |b LNN  |c English  |d 420.4 BU-P  |e available  |t Error 5001 Not defined in file expand_doc_bib_avail.  |f 1  |g 0  |h N  |i 0  |j AN  |k 1 
999 |a From the UDN01 
AVA |a UDN50  |b LNN  |c English  |d 420.4 BU-P  |e available  |t Error 5001 Not defined in file expand_doc_bib_avail.  |f 1  |g 0  |h N  |i 0  |j AN  |k 1 
TYP |a Printed language 
980 |a Mạng thư viện Đại học Đà Nẵng